| 000 | 00652nam a2200181 a 4500 | ||
|---|---|---|---|
| 001 | 000040017 | ||
| 005 | 20201002033851.0 | ||
| 008 | 130802s2005 mx 000 0 spa d | ||
| 020 | _a9703204724 | ||
| 040 |
_aDO-SdBNP _bspa _cBNPHU |
||
| 100 | 1 |
_aMéndez M., Miguel _966247 |
|
| 245 | 1 | 0 |
_aTata Casehua / _cMiguel Méndez ; introducción Miguel Méndez. |
| 260 |
_aMéxico : _bDirección General de Publicaciones y Fomento Editorial : _bUniversidad Nacional Autónoma de México, _c2005. |
||
| 300 |
_a52 p. ; _c18 cm. |
||
| 490 | 1 |
_aRelato Licenciado Vidriera _v28 |
|
| 700 | 1 |
_aMéndez, Miguel _966248 |
|
| 830 | 0 |
_aRelato Licenciado Vidriera _v28 _966234 |
|
| 999 |
_c39507 _d39507 |
||